| 000 | 01553cam a22004694i 4500 | ||
|---|---|---|---|
| 003 | PE-LiUPU | ||
| 005 | 20250731184551.0 | ||
| 008 | 150616s r 000 0 d | ||
| 035 | _a(Sirsi) a3396 | ||
| 040 |
_aPE-LiUPU _bspa _cPE-LiUPU _erda |
||
| 049 | _aPRUA | ||
| 082 | 0 | 4 |
_a918.805 _bD419 _221 |
| 245 | 0 | 0 |
_aDepartamento de Lambayeque / _c[director, Pedro Felipe Cortázar]. |
| 264 | 1 |
_aLima : _bIoppe, _c1985. |
|
| 300 |
_a159 páginas, : _bilustraciones, fotos, láminas, mapas ; _c20 cm. |
||
| 336 |
_atext _2rdacontent |
||
| 337 |
_aunmediated _2rdamedia |
||
| 338 |
_avolume _2rdacarrier |
||
| 490 | 0 |
_aDocumental del Perú. Enciclopedia Nacional Basica ; _v14 |
|
| 504 | _aIncluye bibliografía. | ||
| 505 | 0 | _aGeografía -- Historia -- Personajes -- Cultura -- Folklore -- Economía. | |
| 526 | _aP136 | ||
| 526 | _aP135 | ||
| 526 | _aP134 | ||
| 526 | _aP133 | ||
| 526 | _aP144 | ||
| 526 | _aP143 | ||
| 526 | _aP87 | ||
| 526 | _aP35 | ||
| 526 | _aP20 | ||
| 526 | _aP14 | ||
| 526 | _aP10 | ||
| 526 | _aP06 | ||
| 651 | 1 | 8 |
_aLambayeque (Perú : Departamento) _xDescripciones y viajes. _95170 |
| 651 | 2 | 8 |
_aLambayeque (Perú : Departamento) _xHistoria. _95171 |
| 700 | 1 |
_aCortázar, Pedro Felipe, _d1925- _edirector. |
|
| 740 | _aDocumental del Perú : departamento de Lambayeque. | ||
| 910 | _ajck | ||
| 942 |
_2ddc _cBK |
||
| 949 |
_wDEWEY _c1 _i27738 _lCCODEBUL1 _mBUL _p00.00 _r0 _sY _tBOOK _u2015-04-23 _xEDUCACION _0COMPRA _o.STAFF. Colección General |
||
| 980 |
_81 _gALBERTO SANCHEZ Responsable de Automatización |
||
| 999 |
_c41764 _d41764 |
||